000 00375nam a2200145Ia 4500
008 230718s9999 xx 000 0 und d
041 _aEng.
082 _a297.64
_bشاہ-س
100 _aشاہ معین الدین ندوی
245 0 _aسیرۃ الصحابہ
260 _aPakistan
_bاسلامی کتب خانہ
_c2014
300 _a176
650 _aLaw
999 _c31122
_d31122